UM Logo

No nationwide martial law. (Record no. 13045)

MARC details
000 -LEADER
fixed length control field 00278nam a2200109 4500
008 - FIXED-LENGTH DATA ELEMENTS--GENERAL INFORMATION
fixed length control field 190207b ||||| |||| 00| 0 eng d
245 ## - TITLE STATEMENT
Title No nationwide martial law.
260 ## - PUBLICATION, DISTRIBUTION, ETC. (IMPRINT)
Place of publication, distribution, etc. Davao City
Name of publisher, distributor, etc. Sun Star Davao
Date of publication, distribution, etc. c2018
300 ## - PHYSICAL DESCRIPTION
Extent page 2.
650 #0 - SUBJECT ADDED ENTRY--TOPICAL TERM
9 (RLIN) 37096
Topical term or geographic name as entry element Law.
942 ## - ADDED ENTRY ELEMENTS (KOHA)
Source of classification or shelving scheme Dewey Decimal Classification
Koha item type Periodicals
Holdings
Withdrawn status Lost status Source of classification or shelving scheme Damaged status Not for loan Collection code Home library Current library Date acquired Total Checkouts Date last seen Price effective from Koha item type Public note
    Dewey Decimal Classification     Periodicals UM Digos College - LIC UM Digos College - LIC 02/07/2019   02/07/2019 02/07/2019 Periodicals Newspaper Clippings